[Event "BRA-ch U26"]
[Site "Brasilia"]
[Date "2024.10.17"]
[Round "6"]
[White "Borger, David Lupovici"]
[Black "Primo, Ricardo de Lima"]
[Result "0-1"]
[WhiteElo "1983"]
[BlackElo "1899"]
[PlyCount "58"]
[EventDate "2024.10.14"]
[EventType "swiss"]
[EventRounds "6"]
[EventCountry "BRA"]
[SourceTitle "CB43_2024"]
[Source "Chessbase"]
[SourceDate "2024.10.23"]
[SourceVersion "1"]
[SourceVersionDate "2024.10.23"]
[SourceQuality "1"]

1. e4 c5 2. Nc3 d6 3. f4 g6 4. Nf3 Bg7 5. Bb5+ Nd7 6. d3 a6 7. Bxd7+ Bxd7 8. 0-0 e6 9. Qe1 Ne7 10. Qh4 h6 11. Bd2 Nc6 12. Qg3 Qe7 13. f5 g5 14. h4 Rg8 15. hxg5 hxg5 16. fxe6 fxe6 17. Bxg5 Bd4+ 18. Nxd4 Rxg5 19. Qh3 0-0-0 20. Nxc6 bxc6 21. Rf2 e5 22. Qh6 Rdg8 23. Nd1 R5g6 24. Qh2 Qg5 25. g3 Rh6 26. Qg2 Bh3 27. Qf3 Qxg3+ 28. Qxg3 Rxg3+ 29. Kh2 Rg8 0-1

[Event "BRA-ch U26"]
[Site "Brasilia"]
[Date "2024.10.15"]
[Round "3"]
[White "Borger, David Lupovici"]
[Black "Oliveira, Danyel Angelo Aquin"]
[Result "0-1"]
[WhiteElo "1983"]
[BlackElo "1960"]
[PlyCount "86"]
[EventDate "2024.10.14"]
[EventType "swiss"]
[EventRounds "6"]
[EventCountry "BRA"]
[SourceTitle "CB43_2024"]
[Source "Chessbase"]
[SourceDate "2024.10.23"]
[SourceVersion "1"]
[SourceVersionDate "2024.10.23"]
[SourceQuality "1"]

1. e4 c5 2. Nc3 e6 3. Nf3 a6 4. d4 cxd4 5. Nxd4 Qc7 6. Be3 Nf6 7. Bd3 Bb4 8. 0-0 Nc6 9. Kh1 Ne5 10. h3 Bxc3 11. bxc3 d5 12. f4 Nxd3 13. cxd3 dxe4 14. c4 Bd7 15. Rc1 Rd8 16. dxe4 Nxe4 17. Qf3 Bc6 18. Rfe1 0-0 19. Nxc6 Qxc6 20. Rb1 Rd3 21. Rec1 f5 22. Rb6 Ng3+ 23. Kh2 Qxf3 24. gxf3 Ne2 25. Rxe6 Rxe3 26. Rxe3 Nxc1 27. a4 Rc8 28. Rc3 Ne2 29. Rc2 Nxf4 30. Kg3 Ne6 31. Rb2 Rxc4 32. Rxb7 Rxa4 33. Re7 Nd4 34. f4 Ra3+ 35. Kh4 a5 36. Kg5 h6+ 37. Kg6 Rg3+ 38. Kh5 Rxh3+ 39. Kg6 Rg3+ 40. Kh5 a4 41. Rd7 Ne6 42. Kh4 Rg4+ 43. Kh5 Nxf4# 0-1

[Event "Sao Paulo Hebraica op 33rd"]
[Site "Sao Paulo"]
[Date "2024.06.29"]
[Round "3"]
[White "Borger, David Lupovici"]
[Black "Marra, Eduardo da Costa"]
[Result "1-0"]
[WhiteElo "1942"]
[BlackElo "2196"]
[PlyCount "167"]
[EventDate "2024.06.28"]
[EventType "swiss"]
[EventRounds "6"]
[EventCountry "BRA"]
[SourceTitle "CBM 221 Extra"]
[Source "ChessBase"]
[SourceDate "2024.09.30"]
[SourceVersion "1"]
[SourceVersionDate "2024.09.30"]
[SourceQuality "1"]

1. e4 c5 2. Nc3 g6 3. d4 cxd4 4. Qxd4 Nf6 5. Nf3 Nc6 6. Qa4 d6 7. e5 dxe5 8. Nxe5 Bg7 9. Bb5 0-0 10. Nxc6 bxc6 11. Bxc6 Rb8 12. 0-0 Qc7 13. Bf3 Bd7 14. Qa3 Bf5 15. Be3 a5 16. Rfe1 Rb4 17. Rad1 e6 18. Bd4 Ng4 19. Bxg4 Bxd4 20. Bxf5 gxf5 21. Rxd4 Rxd4 22. Nb5 Qe5 23. Qc3 Qxb5 24. Qxd4 Qb4 25. Qxb4 axb4 26. Kf1 Rc8 27. Rc1 Ra8 28. Ra1 Rc8 29. Rc1 Ra8 30. a3 bxa3 31. Ra1 a2 32. Ke2 Kf8 33. b4 Ke7 34. Kd3 Kd6 35. Kc4 Ra3 36. c3 e5 37. g3 Kc6 38. b5+ Kb6 39. Kb4 Ra8 40. c4 e4 41. c5+ Kc7 42. Kb3 Ra5 43. Kb4 Ra8 44. h3 Kb7 45. h4 h6 46. Kc4 Ra5 47. Kb4 Ra8 48. h5 f6 49. Kc3 Ra4 50. Kb3 Ra5 51. Kc4 Kc7 52. Kb4 Ra8 53. Kb3 Ra5 54. Rxa2 Rxb5+ 55. Kc4 Rb1 56. Kd5 Rd1+ 57. Ke6 Kc6 58. Rc2 Rh1 59. Kxf5 e3 60. fxe3 Rxh5+ 61. Kxf6 Rg5 62. e4 Rxg3 63. e5 Rf3+ 64. Ke6 Rh3 65. Kf7 h5 66. e6 Rf3+ 67. Ke8 h4 68. e7 h3 69. Kd8 Rd3+ 70. Kc8 Re3 71. Kd8 Rd3+ 72. Ke8 Rg3 73. Rf2 Kxc5 74. Kd7 Rd3+ 75. Kc7 Re3 76. Kd8 Rd3+ 77. Ke8 Kd6 78. Re2 Kc7 79. Kf8 Rf3+ 80. Kg7 h2 81. e8Q Rg3+ 82. Kf6 h1Q 83. Rc2+ Kb7 84. Qb5+ 1-0

[Event "Sao Paulo Hebraica op 33rd"]
[Site "Sao Paulo"]
[Date "2024.06.28"]
[Round "2"]
[White "Kosminsky, Max Berger"]
[Black "Borger, David Lupovici"]
[Result "0-1"]
[WhiteElo "1550"]
[BlackElo "1942"]
[PlyCount "58"]
[EventDate "2024.06.28"]
[EventType "swiss"]
[EventRounds "6"]
[EventCountry "BRA"]
[SourceTitle "CBM 221 Extra"]
[Source "ChessBase"]
[SourceDate "2024.09.30"]
[SourceVersion "1"]
[SourceVersionDate "2024.09.30"]
[SourceQuality "1"]

1. c4 e6 2. d4 d5 3. Nc3 Be7 4. e4 dxe4 5. Nxe4 Nf6 6. Ng3 c5 7. Nf3 Nc6 8. Be3 cxd4 9. Nxd4 Bb4+ 10. Ke2 Qe7 11. a3 Bc5 12. b4 Bxd4 13. Bxd4 Nxd4+ 14. Qxd4 e5 15. Qe3 a5 16. Rb1 Be6 17. Ke1 0-0 18. Ne4 Bf5 19. Nxf6+ Qxf6 20. Bd3 Rfd8 21. Bxf5 Qxf5 22. Ke2 Qc2+ 23. Kf3 Rd3 24. Rbc1 Rxe3+ 25. Kxe3 Qb3+ 26. Ke4 axb4 27. axb4 Rd8 28. Kxe5 Qxb4 29. Rhd1 Qc5+ 0-1

[Event "Hebraica op 32nd"]
[Site "Hebraica"]
[Date "2024.02.04"]
[Round "5"]
[White "Marcal, David Hakak"]
[Black "Borger, David Lupovici"]
[Result "0-1"]
[WhiteElo "1537"]
[BlackElo "1899"]
[PlyCount "56"]
[EventDate "2024.02.02"]
[EventType "swiss"]
[EventRounds "6"]
[EventCountry "BRA"]
[SourceTitle "CBM 218 Extra"]
[Source "ChessBase"]
[SourceDate "2024.03.31"]
[SourceVersion "1"]
[SourceVersionDate "2024.03.31"]
[SourceQuality "1"]

1. d4 d5 2. c4 e6 3. Nc3 Be7 4. Nf3 Nf6 5. cxd5 exd5 6. Bg5 c6 7. Qc2 g6 8. e3 Bf5 9. Bd3 Bxd3 10. Qxd3 Nbd7 11. 0-0 0-0 12. Rab1 a5 13. Qc2 Re8 14. a3 Ne4 15. Bxe7 Qxe7 16. b4 Nd6 17. b5 Nc4 18. Qb3 Nxa3 19. Ra1 Nc4 20. bxc6 bxc6 21. Na4 Reb8 22. Qc2 Qd6 23. Rfc1 Ndb6 24. Nxb6 Rxb6 25. Ne1 Rb2 26. Qc3 Rab8 27. Nc2 Qe6 28. Na3 R8b3 0-1

[Event "Hebraica op 32nd"]
[Site "Hebraica"]
[Date "2024.02.03"]
[Round "3"]
[White "Dos Santos, Fabricio Ferreira"]
[Black "Borger, David Lupovici"]
[Result "1/2-1/2"]
[WhiteElo "1793"]
[BlackElo "1899"]
[PlyCount "37"]
[EventDate "2024.02.02"]
[EventType "swiss"]
[EventRounds "6"]
[EventCountry "BRA"]
[SourceTitle "CBM 218 Extra"]
[Source "ChessBase"]
[SourceDate "2024.03.31"]
[SourceVersion "1"]
[SourceVersionDate "2024.03.31"]
[SourceQuality "1"]

1. b3 d5 2. Bb2 c5 3. e3 Nf6 4. Nf3 Nc6 5. Bb5 e6 6. Bxc6+ bxc6 7. c4 Bd6 8. 0-0 0-0 9. Qc2 Qe7 10. Nc3 e5 11. d4 e4 12. Ne5 Bb7 13. h3 Rfe8 14. Na4 Rac8 15. Nxc5 Bxc5 16. dxc5 Qxc5 17. Qc3 Re6 18. Rac1 Rce8 19. Nd7 1/2-1/2

[Event "Hebraica op 32nd"]
[Site "Hebraica"]
[Date "2024.02.02"]
[Round "2"]
[White "Borger, David Lupovici"]
[Black "Serra, Kelvin Ribeiro"]
[Result "1-0"]
[WhiteElo "1899"]
[BlackElo "1705"]
[PlyCount "55"]
[EventDate "2024.02.02"]
[EventType "swiss"]
[EventRounds "6"]
[EventCountry "BRA"]
[SourceTitle "CBM 218 Extra"]
[Source "ChessBase"]
[SourceDate "2024.03.31"]
[SourceVersion "1"]
[SourceVersionDate "2024.03.31"]
[SourceQuality "1"]

1. e4 c5 2. Nc3 a6 3. g3 b5 4. Bg2 Bb7 5. Nh3 Nc6 6. 0-0 g6 7. f4 Bg7 8. d3 e6 9. f5 Nd4 10. Ne2 exf5 11. c3 Nxe2+ 12. Qxe2 Qe7 13. Be3 Nh6 14. Rae1 fxe4 15. Bg5 f6 16. Bxe4 Bxe4 17. Qd2 fxg5 18. Rxe4 Be5 19. Rxe5 Qxe5 20. Re1 Qxe1+ 21. Qxe1+ Kf8 22. Nxg5 Re8 23. Qf2+ Kg7 24. Qxc5 Rhf8 25. Qd4+ Kg8 26. Ne4 Ng4 27. Qxd7 Ne3 28. Nf6+ 1-0

[Event "Pindamonhangaba op 7th"]
[Site "Pindamonhangaba"]
[Date "2023.03.26"]
[Round "5"]
[White "Borger, David Lupovici"]
[Black "Miquelin, Nicolas Seoane"]
[Result "0-1"]
[WhiteElo "1890"]
[BlackElo "2116"]
[PlyCount "62"]
[EventDate "2023.03.24"]
[EventType "swiss"]
[EventRounds "5"]
[EventCountry "BRA"]
[SourceTitle "CBM 213 Extra"]
[Source "ChessBase"]
[SourceDate "2023.05.31"]
[SourceVersion "1"]
[SourceVersionDate "2023.05.31"]
[SourceQuality "1"]

1. e4 c5 2. d4 cxd4 3. c3 g6 4. Nf3 Bg7 5. Bc4 e6 6. 0-0 Ne7 7. cxd4 d5 8. exd5 exd5 9. Bb3 0-0 10. Nc3 Nbc6 11. h3 Be6 12. Bg5 h6 13. Bh4 g5 14. Bg3 g4 15. hxg4 Bxg4 16. Bh4 Qd7 17. Bxe7 Nxe7 18. Qd3 Bf5 19. Qd2 Rad8 20. Rfe1 Rfe8 21. Ne5 Qd6 22. Rac1 Nc6 23. Nxc6 bxc6 24. Na4 Qf6 25. Qf4 h5 26. Qc7 Bh6 27. Rcd1 Bg4 28. Ra1 Bf4 29. Re5 Rxe5 30. dxe5 Bxe5 31. Qxa7 Bd4 0-1

[Event "Sao Paulo Hebraica op 30th"]
[Site "Sao Paulo"]
[Date "2023.02.12"]
[Round "7"]
[White "Borger, David Lupovici"]
[Black "Da Silva, Lucas Pereira Mende"]
[Result "1-0"]
[WhiteElo "1863"]
[BlackElo "1893"]
[PlyCount "93"]
[EventDate "2023.02.10"]
[EventType "swiss"]
[EventRounds "7"]
[EventCountry "BRA"]
[SourceTitle "CBM 212 Extra"]
[Source "ChessBase"]
[SourceDate "2023.03.31"]
[SourceVersion "1"]
[SourceVersionDate "2023.03.31"]
[SourceQuality "1"]

1. e4 d6 2. d4 Nf6 3. Bd3 g6 4. Nf3 Bg7 5. 0-0 0-0 6. Re1 Bg4 7. c3 Nc6 8. Nbd2 e5 9. h3 Bxf3 10. Nxf3 Nd7 11. Be3 Kh8 12. d5 Ne7 13. Nd2 f5 14. f3 f4 15. Bf2 g5 16. b4 h5 17. c4 Rg8 18. Kf1 Nf6 19. c5 Bf8 20. Nb3 Rg7 21. Rc1 Neg8 22. cxd6 cxd6 23. Ke2 Qd7 24. Na5 Be7 25. Rh1 Nh7 26. Kd2 Bd8 27. Qb3 Ngf6 28. a4 g4 29. hxg4 hxg4 30. Bb5 Qf7 31. Rcg1 g3 32. Be1 Bb6 33. Rf1 Qc7 34. Ke2 Kg8 35. Bd2 Rc8 36. Rc1 Qd8 37. Nc4 a6 38. a5 Bd4 39. Ba4 Rgc7 40. b5 Kg7 41. b6 Re7 42. Nxd6 Qxd6 43. Rxc8 Nxe4 44. Rxh7+ Kxh7 45. fxe4 Qg6 46. Qf3 Kg7 47. Rc7 1-0

[Event "Florianopolis op 9th"]
[Site "Florianopolis"]
[Date "2023.01.28"]
[Round "9"]
[White "Ferreira, Thales Bond Dias"]
[Black "Borger, David Lupovici"]
[Result "1-0"]
[WhiteElo "2085"]
[BlackElo "1832"]
[PlyCount "75"]
[EventDate "2023.01.23"]
[EventType "swiss"]
[EventRounds "10"]
[EventCountry "BRA"]
[SourceTitle "CBM 212 Extra"]
[Source "ChessBase"]
[SourceDate "2023.03.31"]
[SourceVersion "1"]
[SourceVersionDate "2023.03.31"]
[SourceQuality "1"]

1. d4 d5 2. c4 e6 3. Nc3 Be7 4. Nf3 Nf6 5. cxd5 exd5 6. Bg5 c6 7. Qc2 h6 8. Bh4 0-0 9. e3 Re8 10. Bd3 Nbd7 11. 0-0 Ne4 12. Bxe7 Qxe7 13. Rae1 b6 14. Nd2 Nxd2 15. Qxd2 Nf6 16. Rc1 Bb7 17. Be2 c5 18. Bf3 Ne4 19. Bxe4 dxe4 20. dxc5 Rad8 21. Qe2 Qh4 22. Rfd1 Rxd1+ 23. Rxd1 Re5 24. cxb6 axb6 25. Qd2 f6 26. Ne2 Ba6 27. Nf4 Qg4 28. h3 Qc8 29. Qd8+ Re8 30. Qxb6 Qc2 31. Rd8 Rxd8 32. Qxd8+ Kh7 33. Qe7 f5 34. Qe5 Bc8 35. a3 g5 36. Qe7+ Kg8 37. Qe8+ Kh7 38. Qf7+ 1-0

[Event "Sao Jose dos Campos op"]
[Site "Sao Jose dos Campos"]
[Date "2022.09.09"]
[Round "2"]
[White "Borger, David Lupovici"]
[Black "Marra, Eduardo da Costa"]
[Result "0-1"]
[WhiteElo "1816"]
[BlackElo "2256"]
[PlyCount "108"]
[EventDate "2022.09.08"]
[EventType "swiss"]
[EventRounds "7"]
[EventCountry "BRA"]
[SourceTitle "CBM 210 Extra"]
[Source "ChessBase"]
[SourceDate "2022.11.30"]
[SourceVersion "1"]
[SourceVersionDate "2022.11.30"]
[SourceQuality "1"]

1. e4 c5 2. d4 cxd4 3. c3 d3 4. c4 g6 5. Bxd3 Bg7 6. Nf3 Nc6 7. 0-0 d6 8. h3 Nf6 9. Nc3 0-0 10. Be3 Nd7 11. Rc1 Nc5 12. Bb1 a5 13. Qe2 Be6 14. Rfd1 Qb6 15. Ng5 a4 16. Rd2 Qa5 17. Nb5 Rac8 18. f4 Nd8 19. f5 Bd7 20. Nd4 Nc6 21. Rf1 h6 22. Ngf3 Ne5 23. Nxe5 dxe5 24. Nf3 Bc6 25. fxg6 fxg6 26. Rd5 Bxd5 27. exd5 e4 28. Nd2 Rxf1+ 29. Qxf1 Qc7 30. b4 axb3 31. axb3 Qe5 32. b4 Nd3 33. Nxe4 Nxb4 34. Qe2 Kh7 35. Bf2 b5 36. c5 Nxd5 37. Bg3 Qb2 38. Qd3 Qd4+ 39. Kf1 Ne3+ 40. Ke2 Nf5 41. Bf2 Qe5 42. Kf1 Rf8 43. Kg1 e6 44. h4 b4 45. g4 Ne7 46. h5 Qd5 47. Qe2 Bd4 48. hxg6+ Kg7 49. Bxd4+ Qxd4+ 50. Kg2 Nd5 51. Qa2 Ne3+ 52. Kg1 Rf1+ 53. Kh2 Qe5+ 54. Ng3 Rf2+ 0-1

[Event "Vale Paraiba-ch"]
[Site "Sao Jose dos Campos"]
[Date "2022.04.23"]
[Round "5"]
[White "Borger, David Lupovici"]
[Black "Casalaspro, Mathias Andre"]
[Result "1/2-1/2"]
[WhiteElo "1828"]
[BlackElo "1596"]
[PlyCount "131"]
[EventDate "2022.04.21"]
[EventType "swiss"]
[EventRounds "6"]
[EventCountry "BRA"]
[SourceTitle "EXT 2023"]
[Source "ChessBase"]
[SourceDate "2022.10.05"]
[SourceVersion "1"]
[SourceVersionDate "2022.10.05"]
[SourceQuality "1"]

1. e4 c6 2. d4 d5 3. exd5 cxd5 4. c4 Nf6 5. Nc3 Nc6 6. Bg5 e6 7. Nf3 Be7 8. c5 Ne4 9. Bxe7 Qxe7 10. Qd3 f5 11. Be2 Bd7 12. Qe3 Qf6 13. 0-0 g5 14. Nxe4 fxe4 15. Nxg5 0-0-0 16. Rad1 Rhg8 17. f4 Qg7 18. Rf2 Ne7 19. Bf1 h6 20. Nxe4 dxe4 21. Qxe4 Qg4 22. Be2 Qf5 23. Qxf5 Nxf5 24. b4 Ba4 25. Re1 Nxd4 26. Bc4 Bc6 27. Kf1 Rge8 28. g4 Bb5 29. Bxb5 Nxb5 30. Rfe2 Rf8 31. Rf2 Kd7 32. Kg2 Nc7 33. a3 Kc6 34. Re3 Rd4 35. Kg3 Kd7 36. h4 Nd5 37. Rff3 Nf6 38. Re2 Ne4+ 39. Kh3 Nd2 40. Rff2 Nc4 41. f5 Rd3+ 42. Kh2 exf5 43. gxf5 Ne3 44. Rf3 Ng4+ 45. Kg3 Rxf3+ 46. Kxf3 Nf6 47. Rg2 Rf7 48. Rg6 h5 49. Kf4 Ke7 50. Ke5 a5 51. Rg1 Ng4+ 52. Kf4 axb4 53. axb4 Nf6 54. Ke5 Nd7+ 55. Kf4 Nf8 56. Re1+ Kf6 57. Rd1 Rg7 58. Rd6+ Ke7 59. Rb6 Rg4+ 60. Ke3 Rxh4 61. Rxb7+ Kf6 62. c6 Rc4 63. c7 Nd7 64. c8Q Rxc8 65. Rxd7 Rb8 66. Rh7 1/2-1/2

[Event "Vale Paraiba-ch"]
[Site "Sao Jose dos Campos"]
[Date "2022.04.21"]
[Round "2"]
[White "Pereira, Fernanda de Andrade"]
[Black "Borger, David Lupovici"]
[Result "0-1"]
[WhiteElo "1535"]
[BlackElo "1828"]
[PlyCount "48"]
[EventDate "2022.04.21"]
[EventType "swiss"]
[EventRounds "6"]
[EventCountry "BRA"]
[SourceTitle "EXT 2023"]
[Source "ChessBase"]
[SourceDate "2022.10.05"]
[SourceVersion "1"]
[SourceVersionDate "2022.10.05"]
[SourceQuality "1"]

1. e4 c5 2. Nf3 Nc6 3. Bb5 e6 4. Bxc6 bxc6 5. b3 d5 6. d3 Ne7 7. c4 Ng6 8. 0-0 d4 9. e5 Be7 10. Re1 0-0 11. Re4 f5 12. exf6 gxf6 13. Re1 e5 14. h4 Bg4 15. g3 f5 16. Nbd2 Qd7 17. Ba3 Rae8 18. Rxe5 Bxf3 19. Rxe7 Rxe7 20. Qxf3 Ne5 21. Qe2 Nxc4 22. Qxe7 Qxe7 23. bxc4 Qe2 24. Nb3 f4 0-1

[Event "Sao Jose dos Campos IRT op"]
[Site "Sao Jose dos Campos"]
[Date "2020.12.20"]
[Round "5"]
[White "Borger, David Lupovici"]
[Black "Machado, Gilmar Dias"]
[Result "1-0"]
[WhiteElo "1712"]
[BlackElo "1792"]
[PlyCount "109"]
[EventDate "2020.12.18"]
[EventType "swiss"]
[EventRounds "5"]
[EventCountry "BRA"]
[SourceTitle "EXT 2022"]
[Source "ChessBase"]
[SourceDate "2021.10.06"]
[SourceVersion "1"]
[SourceVersionDate "2021.10.06"]
[SourceQuality "1"]

1. d4 d5 2. c4 e5 3. dxe5 d4 4. Nf3 Nc6 5. a3 Nge7 6. b4 Ng6 7. Bb2 Ncxe5 8. Qxd4 Qxd4 9. Bxd4 Nxc4 10. e3 Nd6 11. Nc3 c6 12. e4 f6 13. Rd1 Be6 14. Bc5 Nf7 15. Nd4 Bd7 16. Bxf8 Rxf8 17. Bc4 Nfe5 18. Bb3 Ke7 19. 0-0 Rfd8 20. h3 Nf4 21. Kh2 g6 22. Nce2 Nxe2 23. Nxe2 Be6 24. Nd4 Bxb3 25. Nxb3 b6 26. f4 Nc4 27. Rc1 Nxa3 28. Rxc6 Nb5 29. e5 f5 30. Rf3 Rd1 31. h4 Rad8 32. h5 Kf7 33. Rf6+ Kg7 34. hxg6 hxg6 35. Re6 Rh8+ 36. Kg3 Rd7 37. Kf2 Nc7 38. Rc6 Nb5 39. Rg3 Rh6 40. Ke3 Rd1 41. Ke2 Rb1 42. Kd2 Rb2+ 43. Rc2 Rb1 44. Rc6 Kf7 45. Kc2 Rxb3 46. Rf6+ Kg7 47. Kxb3 Nd4+ 48. Kc4 Ne2 49. Rf3 b5+ 50. Kd5 Rh2 51. g3 Rh3 52. Ra6 Rxg3 53. Rxg3 Nxg3 54. Rxa7+ Kh6 55. e6 1-0

[Event "Sao Jose dos Campos IRT op"]
[Site "Sao Jose dos Campos"]
[Date "2020.12.20"]
[Round "4"]
[White "Deus Filho, Joaquim"]
[Black "Borger, David Lupovici"]
[Result "1-0"]
[WhiteElo "1904"]
[BlackElo "1712"]
[PlyCount "123"]
[EventDate "2020.12.18"]
[EventType "swiss"]
[EventRounds "5"]
[EventCountry "BRA"]
[SourceTitle "EXT 2022"]
[Source "ChessBase"]
[SourceDate "2021.10.06"]
[SourceVersion "1"]
[SourceVersionDate "2021.10.06"]
[SourceQuality "1"]

1. e4 c5 2. Nc3 e6 3. g3 d5 4. d3 d4 5. Nce2 Nc6 6. f4 e5 7. Nf3 g6 8. Nxe5 Nxe5 9. fxe5 Bg7 10. Bf4 Ne7 11. Qd2 Nc6 12. Bh6 0-0 13. h4 Nxe5 14. Bg2 Bg4 15. Bxg7 Kxg7 16. 0-0 Bxe2 17. Qxe2 b5 18. Bh3 Qe7 19. Qd2 h5 20. Rf2 Rad8 21. Raf1 c4 22. Rf6 Nd7 23. Bxd7 Qxd7 24. Qg5 Rc8 25. e5 Qg4 26. Qxg4 hxg4 27. R6f4 cxd3 28. cxd3 Rc2 29. R1f2 Rxf2 30. Kxf2 Rc8 31. Rxd4 Rc2+ 32. Ke3 Rxb2 33. a4 Kf8 34. Rd7 a5 35. Rb7 b4 36. Ra7 Rg2 37. Rxa5 Rxg3+ 38. Ke4 Rg1 39. Rb5 Rf1 40. Rxb4 g3 41. Rb2 Rf2 42. Rb1 g2 43. Rg1 Ke7 44. a5 Ke6 45. d4 Re2+ 46. Kf3 Ra2 47. Rxg2 Rxa5 48. Ke4 f5+ 49. Kf4 Kf7 50. h5 gxh5 51. Kxf5 h4 52. Rh2 Rd5 53. Rxh4 Kg7 54. Ke6 Rd8 55. Rf4 Rh8 56. d5 Rh6+ 57. Rf6 Rh8 58. Rf7+ Kg6 59. d6 Rh5 60. Rf6+ Kg7 61. d7 Rh8 62. Ke7 1-0

[Event "Sao Jose dos Campos IRT op"]
[Site "Sao Jose dos Campos"]
[Date "2020.12.19"]
[Round "3"]
[White "Borger, David Lupovici"]
[Black "Miquelin, Nicolas Seoane"]
[Result "1-0"]
[WhiteElo "1712"]
[BlackElo "2068"]
[PlyCount "69"]
[EventDate "2020.12.18"]
[EventType "swiss"]
[EventRounds "5"]
[EventCountry "BRA"]
[SourceTitle "EXT 2022"]
[Source "ChessBase"]
[SourceDate "2021.10.06"]
[SourceVersion "1"]
[SourceVersionDate "2021.10.06"]
[SourceQuality "1"]

1. d4 d5 2. c4 dxc4 3. e4 a6 4. a4 Nc6 5. Be3 Na5 6. Na3 Nf6 7. Qc2 e5 8. Nxc4 exd4 9. Bd2 Nc6 10. Nf3 Be6 11. Rd1 h6 12. Bd3 Nb4 13. Bxb4 Bxb4+ 14. Nfd2 c5 15. 0-0 Bxd2 16. Nxd2 Nd7 17. f4 f6 18. e5 0-0 19. f5 Bd5 20. e6 Ne5 21. Be4 Qd6 22. Nf3 Ng4 23. Rfe1 b6 24. Qe2 Rae8 25. Bxd5 Qxd5 26. Nxd4 Nxh2 27. Nc2 Qxf5 28. Kxh2 Re7 29. Kg1 b5 30. Ne3 Qg5 31. Nd5 Rb7 32. e7 Re8 33. Qe6+ Kh7 34. Qf7 Qg6 35. Nxf6+ 1-0

[Event "Sao Jose dos Campos IRT op"]
[Site "Sao Jose dos Campos"]
[Date "2020.12.18"]
[Round "1"]
[White "Borger, David Lupovici"]
[Black "Fernandes, Beatriz"]
[Result "1-0"]
[WhiteElo "1712"]
[BlackElo "1154"]
[PlyCount "85"]
[EventDate "2020.12.18"]
[EventType "swiss"]
[EventRounds "5"]
[EventCountry "BRA"]
[SourceTitle "EXT 2022"]
[Source "ChessBase"]
[SourceDate "2021.10.06"]
[SourceVersion "1"]
[SourceVersionDate "2021.10.06"]
[SourceQuality "1"]

1. d4 Nf6 2. c4 g6 3. Nc3 Bg7 4. e4 0-0 5. f3 d6 6. Be3 Nbd7 7. Qd2 b6 8. Bd3 Bb7 9. Nge2 c5 10. 0-0 Rc8 11. d5 e6 12. Nb5 Ne5 13. Nxa7 Ra8 14. Nb5 Ba6 15. Nec3 Bxb5 16. Nxb5 exd5 17. exd5 Nxd3 18. Qxd3 Ne8 19. Nc3 f5 20. Qd2 Nc7 21. Kh1 Bxc3 22. Qxc3 Qf6 23. Qxf6 Rxf6 24. Bg5 Rff8 25. Be7 Rfe8 26. Bxd6 Na6 27. Rfe1 Rac8 28. a3 Red8 29. Be7 Re8 30. d6 Nb8 31. Rad1 Nd7 32. Kg1 Ra8 33. Kf2 Ra5 34. Bg5 Raa8 35. Re7 Red8 36. Bh6 Rab8 37. Rde1 Nf6 38. Rg7+ Kh8 39. Rf7 Nd7 40. Ree7 Nf8 41. Bxf8 Rxf8 42. Rxh7+ Kg8 43. Reg7# 1-0

[Event "Sao Jose dos Campos IRT op"]
[Site "Sao Jose dos Campos"]
[Date "2020.12.18"]
[Round "2"]
[White "Medeiros, Thauane Ferreira"]
[Black "Borger, David Lupovici"]
[Result "1/2-1/2"]
[WhiteElo "1970"]
[BlackElo "1712"]
[PlyCount "94"]
[EventDate "2020.12.18"]
[EventType "swiss"]
[EventRounds "5"]
[EventCountry "BRA"]
[SourceTitle "EXT 2022"]
[Source "ChessBase"]
[SourceDate "2021.10.06"]
[SourceVersion "1"]
[SourceVersionDate "2021.10.06"]
[SourceQuality "1"]

1. d4 d5 2. c4 e6 3. Nc3 Nf6 4. Bg5 Be7 5. e3 0-0 6. Nf3 h6 7. Bf4 c5 8. Be2 Qb6 9. 0-0 cxd4 10. exd4 a6 11. c5 Qd8 12. b4 Ne4 13. Qd3 f5 14. Ne5 Bg5 15. Bxg5 hxg5 16. Nxe4 dxe4 17. Qc4 Nc6 18. Rfd1 Qf6 19. Nxc6 bxc6 20. a4 Rd8 21. Rab1 Bd7 22. Qc3 Be8 23. b5 axb5 24. axb5 cxb5 25. Bxb5 f4 26. Bxe8 Rxe8 27. Qc2 e3 28. fxe3 fxe3 29. Qe4 Qf2+ 30. Kh1 Ra2 31. Rf1 Qc2 32. Qxc2 Rxc2 33. Rfe1 Rd8 34. Rbc1 Rxc1 35. Rxc1 Rxd4 36. Kg1 e2 37. Re1 Rc4 38. Rxe2 Kf7 39. Kf2 Rxc5 40. Re4 Kf6 41. Kf3 Kf5 42. Re3 Rc4 43. h3 Rf4+ 44. Kg3 Rd4 45. Rf3+ Rf4 46. Re3 g4 47. Rxe6 gxh3 1/2-1/2

[Event "Sao Paulo Carnaval op"]
[Site "Sao Paulo"]
[Date "2020.02.22"]
[Round "2"]
[White "De Melo Lima, Caio Fernandes"]
[Black "Borger, David Lupovici"]
[Result "1-0"]
[WhiteElo "1979"]
[BlackElo "1743"]
[PlyCount "107"]
[EventDate "2020.02.22"]
[EventType "swiss"]
[EventRounds "7"]
[EventCountry "BRA"]
[SourceTitle "CBM 195 Extra"]
[Source "ChessBase"]
[SourceDate "2020.05.31"]
[SourceVersion "1"]
[SourceVersionDate "2020.05.31"]
[SourceQuality "1"]

1. d4 Nf6 2. Bf4 d5 3. e3 Bf5 4. c4 e6 5. Qb3 Qc8 6. Nc3 c6 7. Rc1 Nbd7 8. Nf3 Be7 9. Be2 0-0 10. h3 dxc4 11. Bxc4 Nb6 12. Be2 Nbd5 13. Bh2 Ne4 14. 0-0 a5 15. Nxe4 Bxe4 16. Nd2 Bg6 17. e4 Nf6 18. Qe3 Qd7 19. Rfd1 Rfd8 20. Nc4 Nxe4 21. Nb6 Qe8 22. Nxa8 Rxa8 23. Bd3 Nf6 24. Bxg6 hxg6 25. Be5 Nd5 26. Qe4 Qd7 27. h4 f5 28. Qe2 Bxh4 29. g3 Bg5 30. f4 Bd8 31. Kf2 Bb6 32. Rh1 Nc7 33. Rcd1 Nb5 34. Ke3 Rd8 35. Qh2 Kf7 36. Qh7 Rg8 37. Rh6 Kf8 38. Rxg6 Qf7 39. Qh5 Nc7 40. Bd6+ Ke8 41. Bxc7 Bxc7 42. Rxe6+ Kf8 43. Rg6 Qe7+ 44. Kf2 Qe4 45. Rg5 Qc2+ 46. Kg1 g6 47. Qh6+ Kf7 48. Re1 Qc4 49. Qh7+ Rg7 50. Re7+ Kxe7 51. Qxg7+ Qf7 52. Rxg6 Bb6 53. Qe5+ Kd8 54. Rg7 1-0

[Event "Sao Paulo ECP op 5th"]
[Site "Sao Paulo"]
[Date "2019.12.01"]
[Round "6"]
[White "Borger, David Lupovici"]
[Black "De Albuquelque, Gabriel Tenorio"]
[Result "1-0"]
[WhiteElo "1706"]
[BlackElo "1600"]
[PlyCount "105"]
[EventDate "2019.11.29"]
[EventType "swiss"]
[EventRounds "6"]
[EventCountry "BRA"]
[SourceTitle "CBM 193 Extra"]
[Source "ChessBase"]
[SourceDate "2020.01.31"]
[SourceVersion "1"]
[SourceVersionDate "2020.01.31"]
[SourceQuality "1"]

1. d4 d5 2. c4 c6 3. Nc3 Nf6 4. Nf3 a6 5. cxd5 cxd5 6. Bf4 e6 7. e3 Bd6 8. Bd3 Bxf4 9. exf4 Nc6 10. 0-0 h5 11. f5 exf5 12. Re1+ Ne4 13. Qb3 Ne7 14. Ne5 0-0 15. f3 Nf6 16. h4 Nc6 17. Nxc6 bxc6 18. Qc2 Qb6 19. Ne2 g6 20. Rac1 Bd7 21. b3 Rfe8 22. Qc5 Qc7 23. b4 Re3 24. Qc2 Qb6 25. Qd2 Rae8 26. Rc5 Bc8 27. a3 Nd7 28. Rc3 Qd8 29. Bxf5 Rxc3 30. Bxd7 Bxd7 31. Nxc3 Qxh4 32. Rxe8+ Bxe8 33. Na4 Qd8 34. Nc5 Qa8 35. Qe2 Kf8 36. Qxa6 Qxa6 37. Nxa6 Ke7 38. Nc5 Kd6 39. a4 g5 40. Kf2 f6 41. a5 Kc7 42. Ne6+ Kb7 43. Nf8 f5 44. Ne6 g4 45. Kg3 Bg6 46. Kh4 Ka6 47. Kg5 Bf7 48. Nc5+ Kb5 49. f4 Bg6 50. g3 Be8 51. Kxf5 Bg6+ 52. Kg5 Be8 53. f5 1-0